Implementation Plan in Response to Board-Endorsed Recommendations for the IEO Evaluation of International Reserves : IMF Concerns and Country Perspectives.

This paper proposes Management's response to the IEO's Evaluation of International Reserves-IMF Concerns and Country Perspectives. The proposed implementation plan focuses on those recommendations that are not already being addressed by other recent Fund initiatives, and include: (i) a suc...

全面介紹

書目詳細資料
企業作者: International Monetary Fund
格式: 雜誌
語言:English
出版: Washington, D.C. : International Monetary Fund, 2013.
叢編:Policy Papers; Policy Paper ; No. 2013/023
在線閱讀:Full text available on IMF
LEADER 01757cas a2200241 a 4500
001 AALejournalIMF020341
008 230101c9999 xx r poo 0 0eng d
020 |c 5.00 USD 
020 |z 9781498342094 
022 |a 2663-3493 
040 |a BD-DhAAL  |c BD-DhAAL 
110 2 |a International Monetary Fund. 
245 1 0 |a Implementation Plan in Response to Board-Endorsed Recommendations for the IEO Evaluation of International Reserves :   |b IMF Concerns and Country Perspectives. 
264 1 |a Washington, D.C. :  |b International Monetary Fund,  |c 2013. 
300 |a 1 online resource (10 pages) 
490 1 |a Policy Papers 
500 |a <strong>Off-Campus Access:</strong> No User ID or Password Required 
500 |a <strong>On-Campus Access:</strong> No User ID or Password Required 
506 |a Electronic access restricted to authorized BRAC University faculty, staff and students 
520 3 |a This paper proposes Management's response to the IEO's Evaluation of International Reserves-IMF Concerns and Country Perspectives. The proposed implementation plan focuses on those recommendations that are not already being addressed by other recent Fund initiatives, and include: (i) a successor paper on reserve adequacy, which will review the work contained in the Fund's 2011 Assessing Reserve Adequacy paper and develop additional and updated guidance where needed; (ii) the preparation of a staff guidance note for assessing adequacy; and (iii) additional engagement on reserve issues with members, the private sector, and academics. 
538 |a Mode of access: Internet 
830 0 |a Policy Papers; Policy Paper ;  |v No. 2013/023 
856 4 0 |z Full text available on IMF  |u http://elibrary.imf.org/view/journals/007/2013/023/007.2013.issue-023-en.xml  |z IMF e-Library